000 01037nam a2200289 i 4500
003 EG-GICUC
005 20260121101517.0
008 251217s1907 stk||||f |||| 001 0 eng d
040 _aEG-GiCUC
_beng
_cEG-GiCUC
_dEG-GiCUC
_erda
041 0 _aeng
082 0 4 _221
_aSC . L
_b341.83
092 0 4 _221
099 _aLaw1 12 341.83 SC . L 1907
100 1 _aScott, James Harry
_eAuthor.
245 1 4 _aThe Law Affecting Foreigners in Egypt :
_bAs the Result of the Capitulations, With an Account of Their Origin and Development /
_cJames Harry Scott.
264 1 _aEdinburgh :
_bWilliam Green and Sons,
_c1907.
300 _a390 pages ;
_c24 cm.
336 _2rda content
_atext
337 _2rda media
_aComputer
338 _2rda carrier
_aOnline Resource
504 _aInclude Bibliographic references
546 _aText in English
650 1 4 _aforeigners
_2qrmak
_vPrivate international law
_zEgypt
856 4 0 _uhttps://fll.law.cu.edu.eg/fulltext/bks/test./B12-01585.pdf
905 _a75
_eHassnaa
942 _2ddc
_cBK
_e21
_n0
999 _c51221
_d51221